00736 2200253 4500001002100000005001500021035002000036007000300056008004100059020002200100082001000122084001600132100001800148245011400166250001600280260003900296300003500335650002800370700002000398700001600418504002600434990001100460990001100471INLIS00000000000446920191118092141 a0010-1119000096ta191118 g 0 ind  a978-602-6323-31-6 a645.2 a645.2 MAN p0 aMANDASARI, D.1 aPengembangan Keterampilan dan Karakter : Kreasi Membuat Baju Bayi /cD. Mandasari, A. Nur Hanifah, DJ. Asmara aed.1, cet.1 aDepok :bKhalifah Mediatama,c2016 avi, 33 hlm. :bilus. ;c23 cm. 4aRUMAH TANGGA. BAJU BAYI0 aNUR, HANIFAH A.0 aASMARA, DJ. aBibliografi : hlm. 33 a7150 a a7150 b